الكهانة العربية قبل الاسلام : (Record no. 66387)
[ view plain ]
| 000 -الفاتح | |
|---|---|
| حقل البيانات ثابتة الطول | 01417nam a22002897a 4500 |
| 005 - وقت وتاريخ اخر تعامل مع التسجيلة | |
| رقم الضبط | 20240530110916.0 |
| 008 - عناصر البيانات ثابتة الطول - معلومات عامة | |
| حقل البيانات ثابتة الطول | 220509s199؟ le g 001 0 ara d |
| 040 ## - مصدر الفهرسة | |
| وكالة الفهرسة الأصلية | EG-CaGPL |
| وكالة النسخ | EG-CaGPL |
| 082 04 - رقم تصنيف ديوى العشرى | |
| رقم الطبعة | 21 |
| رقم التصنيف | 291.3295301/ |
| رقم المادة | ت ك |
| 100 0# - المدخل الرئيسى - إسم شخصى | |
| الإسم الشخصى | توفيق فهد |
| 245 12 - بيان العنوان | |
| العنوان | الكهانة العربية قبل الاسلام : |
| بقية العنوان | الكاهن، الكاهنة، النبى، الشاعر، الحازى، الساحر، الرائى، العراف، الرب، ذو اله، الحمس/ |
| بيان المسئوليه,etc | توفيق فهد ؛ ترجمة حسن عودة، رندة بعث ؛ مراجعة توفيق فهد، زياد منى ؛ تقديم الترجمة العربية رضوان السيد |
| 260 ## - PUBLICATION, DISTRIBUTION, ETC. (IMPRINT) | |
| تاريخ النشر أو التوزيع | [199-]. |
| 300 ## - الوصف المادى | |
| التعداد | 597 ص. ؛ |
| أبعاد الوعاء | 24 سم. |
| 650 07 - المدخل الاضافى بالموضوع-مصطلح موضوعى | |
| مصدر الرأس أو المصطلح | qrmak |
| مصطلح موضوعي | الكهانة |
| التقسيم الفرعي العام | ديانات مقارنة |
| 653 0# - مصطلح تكشيفى غير مقيد | |
| مصطلح غير مقيد | الكاهن - ديانات مقارنة |
| 653 0# - مصطلح تكشيفى غير مقيد | |
| مصطلح غير مقيد | النبى - ديانات مقارنة |
| 653 0# - مصطلح تكشيفى غير مقيد | |
| مصطلح غير مقيد | العراف - ديانات مقارنة |
| 653 0# - مصطلح تكشيفى غير مقيد | |
| مصطلح غير مقيد | الرب - ديانات مقارنة |
| 653 0# - مصطلح تكشيفى غير مقيد | |
| مصطلح غير مقيد | الحمس - ديانات مقارنة |
| 700 0# - المدخل الاضافى - اسم شخصى | |
| الإسم الشخصى | حسن عودة |
| الدور | مترجم |
| 700 0# - المدخل الاضافى - اسم شخصى | |
| الإسم الشخصى | رندة بعث |
| الدور | مترجم |
| 700 0# - المدخل الاضافى - اسم شخصى | |
| الإسم الشخصى | توفيق فهد |
| الدور | مراجع |
| 700 0# - المدخل الاضافى - اسم شخصى | |
| الإسم الشخصى | زياد منى |
| الدور | مراجع |
| 700 0# - المدخل الاضافى - اسم شخصى | |
| الإسم الشخصى | رضوان السيد |
| الدور | مقدم |
| 942 ## - عناصر المدخل الإضافي( كوها) | |
| مصدر التصنيف او مخطط الترفيف | Dewey Decimal Classification |
| Koha [default] item type | كتاب |
| 260 ## - PUBLICATION, DISTRIBUTION, ETC. (IMPRINT) | |
| -- | بيروت : |
| -- | قدمس للنشر والتوزيع، |
| حالة التراجع | حالة الفقد | حالة تلف | ليس للاعارة | المكان المؤقت | الموقع الحالى | موقع الترفيف | تاريخ الاكتساب | اجمالي اﻻعارات | رقم الطلب | الباركود | تاريخ اخر مشاهدة | تاريخ تفعيل السعر | نوع وعاء كوها |
|---|---|---|---|---|---|---|---|---|---|---|---|---|---|
| مكتبة القاهرة الكبرى | مكتبة القاهرة الكبرى | ق الرئيسية_الديانات_ك عربى | 05/09/2022 | 291.3295301/ ت ك | 167838 | 05/09/2022 | 05/09/2022 | كتاب |

